| 000 | 00914 a2200253 4500 | ||
|---|---|---|---|
| 999 |
_c7718 _d7718 |
||
| 020 | _a9781779220622 | ||
| 050 | 0 | 0 | _aHQ1236.5.A355 HEL 2007 |
| 100 | _aHellum, Anne | ||
| 245 | 0 | 0 |
_aHuman rights, plural legalities, and gendered realities : _bpaths are made by walking / _cAnne Hellum ... [et al.]. |
| 264 |
_aHarare: _bWeaver press., _c2007 |
||
| 300 |
_axliv, 472 p. : _bill. ; |
||
| 500 | _aIncludes bibliographical references and index. | ||
| 504 | _aIncludes bibliographical references and index. | ||
| 650 | 0 | _aWomen's rights | |
| 650 | 0 | _aWomen's rights | |
| 650 | 0 |
_aWomen _xSocial conditions. |
|
| 650 | 0 |
_aWomen _xSocial conditions. |
|
| 650 | 0 | _aWomen's rights. | |
| 700 | 1 | _aHellum, Anne. | |
| 710 | 2 | _aUniversity of Zimbabwe. | |
| 856 | 4 | 1 |
_3Table of contents only _uhttp://www.loc.gov/catdir/toc/fy0803/2007380764.html |
| 942 |
_2lcc _cBK _h1235.5 _iHEL _kHQ |
||